[Event "Bamberg op-A 3rd"]
[Site "Bamberg"]
[Date "2021.07.31"]
[Round "5"]
[White "Koepke, Christian"]
[Black "Koehler, Christian Friedrich"]
[Result "1/2-1/2"]
[WhiteElo "2340"]
[BlackElo "2187"]
[PlyCount "99"]
[EventDate "2021.07.28"]
[EventType "swiss"]
[EventRounds "7"]
[EventCountry "GER"]
[SourceTitle "EXT 2022"]
[Source "ChessBase"]
[SourceDate "2021.10.06"]
[SourceVersion "1"]
[SourceVersionDate "2021.10.06"]
[SourceQuality "1"]

1. e4 c6 2. d4 d5 3. exd5 cxd5 4. c4 Nf6 5. Nc3 Nc6 6. Nf3 g6 7. cxd5 Nxd5 8. Qb3 Nxc3 9. Bc4 Nd5 10. Bxd5 e6 11. Bxc6+ bxc6 12. 0-0 Qd5 13. Qe3 Bg7 14. Bd2 0-0 15. Rfc1 Bb7 16. Rc5 Qd7 17. Ba5 Rfc8 18. Rac1 Rab8 19. b3 Ba8 20. Ne5 Bxe5 21. Qxe5 Rb5 22. h4 Rxc5 23. dxc5 Qe7 24. Bc3 f6 25. Qxf6 Qxf6 26. Bxf6 Rf8 27. Bg5 Rf5 28. b4 a6 29. Rc3 h5 30. f3 Rd5 31. Rc4 e5 32. Kf2 Bb7 33. g4 Bc8 34. Be3 Be6 35. gxh5 gxh5 36. Rc1 Rd7 37. a3 Bd5 38. Rg1+ Rg7 39. Bg5 Rf7 40. Rg3 Kf8 41. Ke3 Ke8 42. Bh6 Kd7 43. f4 exf4+ 44. Bxf4 Re7+ 45. Kd3 Rf7 46. Be3 Bf3 47. Rg6 Kc7 48. a4 Rd7+ 49. Bd4 Re7 50. Rg7 1/2-1/2

[Event "Bamberg op-A 3rd"]
[Site "Bamberg"]
[Date "2021.07.30"]
[Round "4"]
[White "Koehler, Christian Friedrich"]
[Black "Hacker, Jonas"]
[Result "1/2-1/2"]
[WhiteElo "2187"]
[BlackElo "2355"]
[PlyCount "95"]
[EventDate "2021.07.28"]
[EventType "swiss"]
[EventRounds "7"]
[EventCountry "GER"]
[SourceTitle "EXT 2022"]
[Source "ChessBase"]
[SourceDate "2021.10.06"]
[SourceVersion "1"]
[SourceVersionDate "2021.10.06"]
[SourceQuality "1"]

1. d4 d5 2. Nf3 Nf6 3. c3 e6 4. Bf4 Bd6 5. e3 c5 6. Nbd2 0-0 7. Bd3 Bxf4 8. exf4 Qb6 9. Qc2 cxd4 10. Nxd4 Qd6 11. Ne2 b6 12. Rd1 Ba6 13. 0-0 Bxd3 14. Qxd3 Nbd7 15. Ne4 Nxe4 16. Qxe4 Nf6 17. Qd3 Qc5 18. Nd4 Rac8 19. Rfe1 Rfe8 20. Re2 Qc4 21. Qxc4 Rxc4 22. Rde1 g6 23. f5 gxf5 24. Nxf5 Re4 25. Nd4 Rc8 26. f3 Rxe2 27. Rxe2 a6 28. g4 h6 29. Nxe6 fxe6 30. Rxe6 Kf7 31. Rxb6 d4 32. cxd4 Rc2 33. Rxa6 Rxb2 34. a4 Rd2 35. h4 Rxd4 36. Kg2 Nxg4 37. fxg4 Rxg4+ 38. Kh3 h5 39. a5 Ra4 40. Ra8 Kg7 41. a6 Kh7 42. a7 Kg7 43. Kg3 Ra3+ 44. Kf4 Ra4+ 45. Ke5 Ra5+ 46. Kd6 Ra1 47. Ke5 Ra5+ 48. Kd6 1/2-1/2

[Event "Karlsruhe Grenke op"]
[Site "Karlsruhe"]
[Date "2019.04.19"]
[Round "2"]
[White "Antal, Gergely"]
[Black "Koehler, Christian Friedrich"]
[Result "1-0"]
[WhiteElo "2552"]
[BlackElo "2245"]
[PlyCount "29"]
[EventDate "2019.04.18"]
[EventType "swiss"]
[EventRounds "9"]
[EventCountry "GER"]
[SourceTitle "CBM 189 Extra"]
[Source "ChessBase"]
[SourceDate "2019.06.03"]
[SourceVersion "1"]
[SourceVersionDate "2019.06.03"]
[SourceQuality "1"]

1. e4 e5 2. Nf3 Nc6 3. Bc4 Nf6 4. d3 Be7 5. 0-0 0-0 6. Re1 d6 7. a4 Kh8 8. a5 a6 9. h3 Ng8 10. Nc3 f5 11. Nd5 Nf6 12. Ng5 Nxd5 13. Nxh7 Nf6 14. Nxf6 gxf6 15. Qh5+ 1-0

[Event "NRW Class2 1819"]
[Site "Germany"]
[Date "2019.04.14"]
[Round "8.3"]
[White "Koehler, Christian Friedrich"]
[Black "Schmitz, Philipp"]
[Result "0-1"]
[WhiteElo "2236"]
[BlackElo "2183"]
[PlyCount "46"]
[EventDate "2018.09.16"]
[EventType "team-tourn"]
[EventRounds "9"]
[EventCountry "GER"]
[SourceTitle "EXT 2022"]
[Source "ChessBase"]
[SourceDate "2021.10.06"]
[SourceVersion "1"]
[SourceVersionDate "2021.10.06"]
[SourceQuality "1"]
[WhiteTeam "Godesberg"]
[BlackTeam "Iserlohn Koenigsspringer"]
[WhiteTeamCountry "GER"]
[BlackTeamCountry "GER"]

1. e4 c5 2. Nf3 d6 3. d4 cxd4 4. Nxd4 Nf6 5. Nc3 a6 6. Bg5 Nbd7 7. Bc4 e6 8. f3 b5 9. Bb3 Nc5 10. Qd2 Qc7 11. 0-0-0 Bd7 12. Kb1 Be7 13. a3 Rb8 14. Ba2 a5 15. b4 axb4 16. axb4 Na4 17. Nxa4 bxa4 18. c3 Nxe4 19. fxe4 Bxg5 20. Qxg5 Qxc3 21. Nc2 Rxb4+ 22. Nxb4 Qxb4+ 23. Kc2 0-0 0-1

[Event "Bayern-chI Bank Hofmann 22nd"]
[Site "Tegernsee"]
[Date "2018.10.28"]
[Round "2"]
[White "Braun, Arik"]
[Black "Koehler, Christian Friedrich"]
[Result "1/2-1/2"]
[WhiteElo "2603"]
[BlackElo "2241"]
[PlyCount "199"]
[EventDate "2018.10.27"]
[EventType "swiss"]
[EventRounds "9"]
[EventCountry "GER"]
[SourceTitle "CBM 187 Extra"]
[Source "ChessBase"]
[SourceDate "2018.11.04"]
[SourceVersion "1"]
[SourceVersionDate "2018.11.04"]
[SourceQuality "1"]

1. e4 e5 2. Nf3 Nc6 3. Bc4 Nf6 4. d3 Be7 5. 0-0 0-0 6. a4 d6 7. h3 h6 8. Re1 Nh7 9. Nc3 Ng5 10. Nd5 Nxf3+ 11. Qxf3 Nd4 12. Qd1 c6 13. Nxe7+ Qxe7 14. c3 Ne6 15. Qf3 Qh4 16. Kh2 Ng5 17. Qg3 Qxg3+ 18. Kxg3 Be6 19. h4 Nh7 20. Bxe6 fxe6 21. Be3 Nf6 22. f3 a6 23. Rad1 Rae8 24. b4 Kf7 25. c4 d5 26. Bc5 Rg8 27. Bd6 Nd7 28. h5 g6 29. hxg6+ Rxg6+ 30. Kh2 Kf6 31. Re2 Rg5 32. a5 Nf8 33. exd5 exd5 34. f4 Rh5+ 35. Kg1 Ng6 36. fxe5+ Nxe5 37. Rde1 Rg5 38. Re3 d4 39. Rh3 Kg6 40. Re4 Re6 41. Bc7 h5 42. Rxd4 Ng4 43. Rf3 Re1+ 44. Rf1 Re2 45. Rd8 Kh7 46. Rd7+ Rg7 47. Rxg7+ Kxg7 48. Bf4 Rb2 49. Bd6 Rd2 50. Re1 Rxd3 51. Bc5 Rd7 52. g3 Kf6 53. Re4 Kf5 54. Rf4+ Kg5 55. Re4 Kf5 56. Rf4+ Ke5 57. Kf1 Nf6 58. Rh4 Rd3 59. Kg2 Rd2+ 60. Kh3 Rd7 61. Bb6 Rd1 62. Rf4 Rh1+ 63. Kg2 Rd1 64. Rh4 Rd2+ 65. Kf3 Rd7 66. Ke2 Ke6 67. Rf4 Ke5 68. Rh4 Ke6 69. Be3 Rh7 70. Rf4 Ng4 71. Bd4 Rd7 72. Bc3 Rd8 73. Re4+ Kf7 74. Bd4 Rd6 75. Rf4+ Kg6 76. Kd3 Nf6 77. Ke3 Ng4+ 78. Ke4 Re6+ 79. Kd3 Rd6 80. Kc3 Rd8 81. Re4 Kf7 82. Bc5 Rd7 83. Re2 Nf6 84. Re5 Kg6 85. Be3 Rh7 86. Rg5+ Kf7 87. Rf5 Kg6 88. Rf4 Rd7 89. Rd4 Re7 90. Kd3 Ng4 91. Rd6+ Kf5 92. Bd4 Rh7 93. Rd8 Ne5+ 94. Kc3 Nf3 95. Bf2 Kg4 96. Rf8 Ng5 97. Rg8 Kf5 98. Rf8+ Kg4 99. Rg8 Kf5 100. Rf8+ 1/2-1/2

[Event "NRW Class2 1718"]
[Site "Germany"]
[Date "2018.03.11"]
[Round "7.2"]
[White "Arndt, Stefan"]
[Black "Koehler, Christian Friedrich"]
[Result "1/2-1/2"]
[WhiteElo "2166"]
[BlackElo "2182"]
[PlyCount "104"]
[EventDate "2017.09.17"]
[EventType "team-tourn"]
[EventRounds "9"]
[EventCountry "GER"]
[SourceTitle "EXT 2019"]
[Source "ChessBase"]
[SourceDate "2018.10.10"]
[SourceVersion "1"]
[SourceVersionDate "2018.10.10"]
[SourceQuality "1"]
[WhiteTeam "Ennepe Ruhr Sued"]
[BlackTeam "Godesberg"]
[WhiteTeamCountry "GER"]
[BlackTeamCountry "GER"]

1. e4 Nf6 2. e5 Nd5 3. d4 d6 4. Bc4 e6 5. Nf3 c5 6. exd6 Bxd6 7. Bxd5 exd5 8. dxc5 Bxc5 9. Nc3 d4 10. Ne4 Bb4+ 11. Bd2 Be7 12. 0-0 Nc6 13. Bg5 f6 14. Bf4 0-0 15. Ng3 Qd5 16. Qd3 Bg4 17. c4 Qd7 18. a3 g5 19. Bd2 a5 20. h3 Be6 21. Rfe1 Bc5 22. Ne4 b6 23. b3 Bf5 24. Qe2 Kh8 25. g4 Bg6 26. Nxc5 bxc5 27. Qe6 Qxe6 28. Rxe6 Nd8 29. Rb6 Be4 30. Ne1 Rf7 31. f3 Bg6 32. f4 gxf4 33. Bxf4 Rb7 34. Rxf6 Rxb3 35. h4 Bf7 36. Be5 Kg8 37. Nf3 Bxc4 38. Nd2 Bd5 39. Nxb3 Bxb3 40. Bd6 Nb7 41. Raf1 Nxd6 42. Rxd6 Re8 43. Rc1 Re5 44. Kf2 Kf7 45. Re1 Ke7 46. Rb6 Rxe1 47. Kxe1 c4 48. Kd2 a4 49. Rh6 c3+ 50. Kd3 Bc4+ 51. Kc2 Bb3+ 52. Kd3 Bc4+ 1/2-1/2

[Event "Oberliga NRW 1617"]
[Site "Germany"]
[Date "2016.12.11"]
[Round "4.3"]
[White "Wacker, Peter"]
[Black "Koehler, Christian Friedrich"]
[Result "1-0"]
[WhiteElo "2306"]
[BlackElo "2137"]
[PlyCount "67"]
[EventDate "2016.09.25"]
[EventType "team-tourn"]
[EventRounds "9"]
[EventCountry "GER"]
[SourceTitle "EXT 2020"]
[Source "ChessBase"]
[SourceDate "2019.10.17"]
[SourceVersion "1"]
[SourceVersionDate "2019.10.17"]
[SourceQuality "1"]
[WhiteTeam "Koeln SF"]
[BlackTeam "Godesberg"]
[WhiteTeamCountry "GER"]
[BlackTeamCountry "GER"]

1. e4 e5 2. Nf3 Nc6 3. Bc4 Nf6 4. d3 Be7 5. c3 d6 6. Nbd2 0-0 7. Bb3 Na5 8. Bc2 c5 9. Nf1 Nc6 10. Ng3 h6 11. 0-0 Re8 12. h3 a6 13. a3 b5 14. Re1 Bf8 15. d4 cxd4 16. cxd4 exd4 17. Nxd4 Nxd4 18. Qxd4 Be6 19. Bf4 Rc8 20. Rac1 g5 21. Bd2 Bg7 22. Qd3 Nd7 23. e5 Rxc2 24. Qxc2 dxe5 25. Nf5 Bf8 26. Bb4 Bxb4 27. axb4 Bxf5 28. Qxf5 Nf8 29. Rxe5 Rxe5 30. Qxe5 Ne6 31. Rc6 Qd1+ 32. Kh2 Qd2 33. Rc8+ Kh7 34. Rh8+ 1-0

[Event "Mittelrhein Regionalliga 15/16"]
[Site "Nordrheinwestfalen"]
[Date "2016.01.10"]
[Round "5.2"]
[White "Koehler, Christian Friedrich"]
[Black "Keller, Thomas L"]
[Result "1/2-1/2"]
[WhiteElo "2152"]
[BlackElo "2268"]
[PlyCount "121"]
[EventDate "2015.09.27"]
[EventType "team-tourn"]
[EventRounds "9"]
[EventCountry "GER"]
[SourceTitle "EXT 2022"]
[Source "ChessBase"]
[SourceDate "2021.10.06"]
[SourceVersion "1"]
[SourceVersionDate "2021.10.06"]
[SourceQuality "1"]
[WhiteTeam "Godesberg II"]
[BlackTeam "Bruehl"]
[WhiteTeamCountry "GER"]
[BlackTeamCountry "GER"]

1. e4 c5 2. Nf3 e6 3. d4 cxd4 4. Nxd4 a6 5. Nc3 b5 6. Bd3 Bb7 7. 0-0 Nc6 8. Nxc6 Bxc6 9. Qe2 Nf6 10. e5 Nd5 11. Nxd5 Bxd5 12. c4 bxc4 13. Bxc4 Bxc4 14. Qxc4 Qa5 15. Qe4 Rb8 16. Rd1 Bc5 17. g3 Qb4 18. Qd3 Qb5 19. b3 Qxd3 20. Rxd3 d5 21. exd6 Kd7 22. Bf4 Rhc8 23. Kf1 f6 24. Rc1 e5 25. Be3 Bxe3 26. Rc7+ Rxc7 27. dxc7+ Kxc7 28. fxe3 a5 29. a3 Kc6 30. Ke2 f5 31. Kd2 e4 32. Rc3+ Kd6 33. Kc2 h5 34. Rc4 g5 35. Rd4+ Ke5 36. Ra4 Rc8+ 37. Kd2 Rd8+ 38. Ke2 Rd5 39. b4 axb4 40. axb4 f4 41. exf4+ gxf4 42. Ra5 f3+ 43. Ke3 Ke6 44. Rxd5 Kxd5 45. h3 Kc4 46. g4 hxg4 47. hxg4 Kc3 48. b5 f2 49. Kxf2 Kd2 50. b6 e3+ 51. Kg2 e2 52. b7 e1Q 53. b8Q Qe4+ 54. Kh3 Ke3 55. Qg3+ Kd4 56. Qd6+ Ke3 57. g5 Qh1+ 58. Kg4 Qf3+ 59. Kh4 Qh1+ 60. Kg3 Qf3+ 61. Kh4 1/2-1/2

[Event "Mittelrhein Regionalliga 1314"]
[Site "Mittelrhein"]
[Date "2014.02.09"]
[Round "7.4"]
[White "Koehler, Christian Friedrich"]
[Black "Goy, Udo"]
[Result "1-0"]
[WhiteElo "2175"]
[BlackElo "2032"]
[PlyCount "121"]
[EventDate "2013.09.15"]
[EventType "team-tourn"]
[EventRounds "11"]
[EventCountry "GER"]
[SourceTitle "EXT 2023"]
[Source "ChessBase"]
[SourceDate "2022.10.05"]
[SourceVersion "1"]
[SourceVersionDate "2022.10.05"]
[SourceQuality "1"]
[WhiteTeam "Godesberg II"]
[BlackTeam "Koeln Ford SF"]
[WhiteTeamCountry "GER"]
[BlackTeamCountry "GER"]

1. c4 c6 2. d4 d5 3. Nf3 Nf6 4. Nc3 e6 5. Bg5 Nbd7 6. e3 h6 7. Bh4 Bb4 8. Qc2 Qa5 9. Nd2 0-0 10. Bd3 a6 11. 0-0 dxc4 12. Nxc4 Qh5 13. Bg3 Bxc3 14. bxc3 c5 15. a4 Qd5 16. Rfb1 cxd4 17. cxd4 b5 18. Nd6 bxa4 19. Be2 e5 20. Bf3 Qxd6 21. Bxa8 Nh5 22. Qc6 Qxc6 23. Bxc6 Nxg3 24. hxg3 exd4 25. exd4 Rd8 26. Rxa4 Kf8 27. Bxd7 Bxd7 28. Rxa6 Be6 29. Rd1 Rd5 30. Ra7 g6 31. f3 Kg7 32. Rc7 Kf6 33. Rc5 Rd7 34. Kf2 Ke7 35. g4 Bd5 36. Rh1 Kd6 37. Rxh6 Ra7 38. Rh7 Ra2+ 39. Kg3 Be6 40. Rb5 Rd2 41. d5 Bxd5 42. Rxd5+ Rxd5 43. Rxf7 Ke6 44. Rf8 Ke7 45. Rf4 Ra5 46. Rb4 Kf6 47. Rb6+ Kg7 48. Kh4 Rc5 49. Rb7+ Kg8 50. f4 Ra5 51. Re7 g5+ 52. fxg5 Ra8 53. Kh5 Rb8 54. Kh6 Rd8 55. g6 Rc8 56. Rg7+ Kh8 57. Rf7 Kg8 58. Ra7 Rb8 59. Ra6 Rf8 60. Rb6 Rd8 61. g7 1-0

[Event "Mittelrhein Regionalliga 1314"]
[Site "Mittelrhein"]
[Date "2013.12.15"]
[Round "5.4"]
[White "Gikas, Andreas Basilius"]
[Black "Koehler, Christian Friedrich"]
[Result "0-1"]
[WhiteElo "2102"]
[BlackElo "2139"]
[PlyCount "84"]
[EventDate "2013.09.15"]
[EventType "team-tourn"]
[EventRounds "11"]
[EventCountry "GER"]
[SourceTitle "EXT 2023"]
[Source "ChessBase"]
[SourceDate "2022.10.05"]
[SourceVersion "1"]
[SourceVersionDate "2022.10.05"]
[SourceQuality "1"]
[WhiteTeam "Bonn Beuel"]
[BlackTeam "Godesberg II"]
[WhiteTeamCountry "GER"]
[BlackTeamCountry "GER"]

1. e4 c6 2. Nc3 d5 3. f4 dxe4 4. Nxe4 Nf6 5. Nf2 Nbd7 6. Nf3 g6 7. g3 Bg7 8. Bg2 0-0 9. 0-0 Qc7 10. Qe2 Re8 11. Ne5 Nd5 12. d4 Nxe5 13. dxe5 Be6 14. c4 Nb6 15. b3 f6 16. Bb2 Rad8 17. Ne4 Bf5 18. Nc5 Nd7 19. Nxd7 Qxd7 20. Rad1 Bg4 21. Bf3 Bxf3 22. Qxf3 Qf5 23. Qe2 h5 24. exf6 exf6 25. Rxd8 Rxd8 26. Rd1 Rxd1+ 27. Qxd1 h4 28. Bc3 Qe4 29. Qd8+ Kh7 30. Bxf6 Qe1+ 31. Kg2 Qe2+ 32. Kh3 Qe6+ 33. g4 Bxf6 34. Qc7+ Qe7 35. Qxe7+ Bxe7 36. g5 Bd6 37. Kg4 h3 38. c5 Bc7 39. b4 Kg7 40. Kf3 Kf7 41. Ke4 Ke6 42. a4 a5 0-1

[Event "Mittelrhein Regionalliga 1314"]
[Site "Mittelrhein"]
[Date "2013.11.24"]
[Round "4.4"]
[White "Koehler, Christian Friedrich"]
[Black "Schalow, Daniel"]
[Result "1-0"]
[WhiteElo "2139"]
[BlackElo "2063"]
[PlyCount "105"]
[EventDate "2013.09.15"]
[EventType "team-tourn"]
[EventRounds "11"]
[EventCountry "GER"]
[SourceTitle "EXT 2023"]
[Source "ChessBase"]
[SourceDate "2022.10.05"]
[SourceVersion "1"]
[SourceVersionDate "2022.10.05"]
[SourceQuality "1"]
[WhiteTeam "Godesberg II"]
[BlackTeam "Langenfeld"]
[WhiteTeamCountry "GER"]
[BlackTeamCountry "GER"]

1. c4 c5 2. g3 Nf6 3. Bg2 Nc6 4. Nc3 e6 5. e4 Be7 6. Nge2 0-0 7. 0-0 e5 8. Bh3 Nd4 9. d3 d6 10. Bxc8 Qxc8 11. f4 Qh3 12. Nxd4 exd4 13. Nd5 Nxd5 14. cxd5 b5 15. a4 a6 16. f5 Bf6 17. Bf4 Be5 18. Bxe5 dxe5 19. Qc1 bxa4 20. Rxa4 Rab8 21. Rxa6 Rb3 22. Qc2 c4 23. dxc4 Re3 24. Ra3 Qh6 25. c5 Rxa3 26. bxa3 Qe3+ 27. Qf2 Qxe4 28. d6 Qd5 29. f6 g5 30. Qf5 h6 31. h4 d3 32. hxg5 Qd4+ 33. Kh2 d2 34. gxh6 Kh8 35. Rd1 Rg8 36. h7 Rg6 37. d7 Rh6+ 38. Kg2 Qd5+ 39. Qf3 Qxd7 40. c6 Qh3+ 41. Kf2 Qe6 42. c7 e4 43. c8Q+ Qxc8 44. Qxe4 Rxf6+ 45. Kg2 Rh6 46. Rxd2 Re6 47. Qf3 Qe8 48. Rf2 f6 49. Qf5 Ra6 50. Rc2 Qa8+ 51. Kh2 Rc6 52. Rxc6 Qxc6 53. Qg6 1-0

[Event "Mittelrhein Regionalliga 1314"]
[Site "Mittelrhein"]
[Date "2013.09.15"]
[Round "1.4"]
[White "Van der Valk, Niklas"]
[Black "Koehler, Christian Friedrich"]
[Result "1-0"]
[WhiteElo "2044"]
[BlackElo "2139"]
[PlyCount "95"]
[EventDate "2013.09.15"]
[EventType "team-tourn"]
[EventRounds "11"]
[EventCountry "GER"]
[SourceTitle "EXT 2023"]
[Source "ChessBase"]
[SourceDate "2022.10.05"]
[SourceVersion "1"]
[SourceVersionDate "2022.10.05"]
[SourceQuality "1"]
[WhiteTeam "Godesberg III"]
[BlackTeam "Godesberg II"]
[WhiteTeamCountry "GER"]
[BlackTeamCountry "GER"]

1. d4 Nf6 2. c4 c5 3. d5 Ne4 4. Nd2 Qa5 5. f3 Nf6 6. e4 d6 7. Ne2 g6 8. Nc3 Bg7 9. Be2 0-0 10. 0-0 a6 11. Nb3 Qc7 12. Be3 e6 13. dxe6 Bxe6 14. f4 Re8 15. g4 Nxg4 16. Bxg4 Bxg4 17. Qxg4 Bxc3 18. bxc3 Rxe4 19. Qf3 f5 20. Nd2 Re7 21. Bf2 Nd7 22. Bh4 Re6 23. Qd5 Rae8 24. Rae1 Nf8 25. Rxe6 Rxe6 26. Re1 Qf7 27. Rxe6 Qxe6 28. Be7 b5 29. Bxd6 bxc4 30. Qxc4 Qxc4 31. Nxc4 Ne6 32. Nb6 Kf7 33. Nd7 c4 34. Ne5+ Ke8 35. Nxc4 Kd7 36. Bb8 Kc6 37. Kf2 Kb5 38. Nb2 g5 39. fxg5 Nxg5 40. Ke3 Ne6 41. Kd3 a5 42. c4+ Kc5 43. Kc3 h5 44. Nd3+ Kc6 45. Nf4 Ng5 46. Nxh5 Ne4+ 47. Kd4 Nd2 48. Ng7 1-0

[Event "Regionalliga Mittelrhein 1213"]
[Site "Germany"]
[Date "2013.04.14"]
[Round "9.3"]
[White "Wolfradt, Dirk"]
[Black "Koehler, Christian Friedrich"]
[Result "1/2-1/2"]
[WhiteElo "2087"]
[BlackElo "2097"]
[PlyCount "49"]
[EventDate "2012.09.09"]
[EventType "team"]
[EventRounds "11"]
[EventCountry "GER"]
[SourceTitle "EXT 2015"]
[Source "ChessBase"]
[SourceDate "2014.11.20"]
[SourceVersion "1"]
[SourceVersionDate "2014.11.20"]
[SourceQuality "1"]
[WhiteTeam "Langenfeld II"]
[BlackTeam "Godesberg IV"]
[WhiteTeamCountry "GER"]
[BlackTeamCountry "GER"]

1. d4 Nf6 2. Nf3 e6 3. c4 Bb4+ 4. Bd2 Be7 5. Nc3 d5 6. Bg5 0-0 7. e3 Nbd7 8. Rc1 c6 9. Bd3 h6 10. Bf4 dxc4 11. Bxc4 b5 12. Bd3 Bb7 13. 0-0 a6 14. Qe2 c5 15. Ne5 Qb6 16. Rfd1 Rfd8 17. Bb1 Rac8 18. Nf3 Qa5 19. Nd2 Qb6 20. Nf3 Nh5 21. Be5 Nhf6 22. Bg3 Qa5 23. Nd2 Qb6 24. Nf3 Qa5 25. Nd2 1/2-1/2

[Event "Regionalliga Mittelrhein 1213"]
[Site "Germany"]
[Date "2013.02.03"]
[Round "7.3"]
[White "Haskelman, Evgen"]
[Black "Koehler, Christian Friedrich"]
[Result "1-0"]
[WhiteElo "2149"]
[BlackElo "2097"]
[PlyCount "129"]
[EventDate "2012.09.09"]
[EventType "team"]
[EventRounds "11"]
[EventCountry "GER"]
[SourceTitle "EXT 2015"]
[Source "ChessBase"]
[SourceDate "2014.11.20"]
[SourceVersion "1"]
[SourceVersionDate "2014.11.20"]
[SourceQuality "1"]
[WhiteTeam "Koeln Ford SF"]
[BlackTeam "Godesberg IV"]
[WhiteTeamCountry "GER"]
[BlackTeamCountry "GER"]

1. e4 c6 2. c4 d5 3. exd5 cxd5 4. d4 Nf6 5. Nc3 Nc6 6. Bg5 e6 7. c5 Be7 8. Nf3 0-0 9. Bb5 Ne4 10. Bxe7 Qxe7 11. Qc2 Nxc3 12. Qxc3 e5 13. 0-0 e4 14. Ne1 f5 15. f4 Be6 16. Nc2 Nd8 17. Ne3 Nf7 18. b4 g5 19. Ba4 gxf4 20. Rxf4 Nh8 21. Raf1 Ng6 22. b5 Nxf4 23. Rxf4 a6 24. b6 Rac8 25. Bb3 Qd8 26. Qe1 Kh8 27. Qf2 Qd7 28. Rh4 Rcd8 29. Qf4 Qg7 30. Nc2 Rg8 31. g3 Qg5 32. Qe5+ Rg7 33. Rf4 h5 34. Kf2 Qe7 35. Ne3 Bg8 36. Qxe7 Rxe7 37. Rxf5 Rf7 38. Rxf7 Bxf7 39. Ng2 Kg7 40. Ke3 Kf6 41. Kf4 Be8 42. Ne3 Bc6 43. Bd1 Rh8 44. h4 Kg6 45. Bb3 Rf8+ 46. Ke5 Re8+ 47. Kd6 Kf6 48. Bd1 Re6+ 49. Kc7 Re7+ 50. Kc8 Re8+ 51. Kc7 Re7+ 52. Kc8 Re8+ 53. Kc7 Re7+ 54. Kb8 Re8+ 55. Ka7 Rh8 56. g4 hxg4 57. Nxg4+ Ke6 58. Ne5 Bb5 59. c6 bxc6 60. b7 Rh7 61. Ka8 Rh8+ 62. b8Q Rxb8+ 63. Kxb8 e3 64. Nf3 e2 65. Bc2 1-0

[Event "Mittelrhein Verbandsliga-O 1112"]
[Site "Germany"]
[Date "2012.05.06"]
[Round "10"]
[White "Koehler, Christian Friedrich"]
[Black "Evers, Leo"]
[Result "1/2-1/2"]
[WhiteElo "1929"]
[BlackElo "2017"]
[PlyCount "73"]
[EventDate "2011.09.18"]
[EventType "team-tourn"]
[EventRounds "11"]
[EventCountry "GER"]
[SourceTitle "EXT 2013"]
[Source "ChessBase"]
[SourceDate "2012.11.22"]
[SourceVersion "1"]
[SourceVersionDate "2012.11.22"]
[SourceQuality "1"]
[WhiteTeam "Godesberg IV"]
[BlackTeam "Koeln Porz III"]
[WhiteTeamCountry "GER"]
[BlackTeamCountry "GER"]

1. d4 Nf6 2. Nf3 c5 3. g3 cxd4 4. Nxd4 e5 5. Nb3 d5 6. Bg2 h6 7. 0-0 Nc6 8. c4 Be6 9. cxd5 Bxd5 10. Nc3 Bxg2 11. Kxg2 Be7 12. Be3 0-0 13. f3 Qxd1 14. Rfxd1 Rfd8 15. Rd3 Rxd3 16. exd3 Rd8 17. Rd1 Nd5 18. Nxd5 Rxd5 19. Kf2 b6 20. Ke2 f5 21. Rc1 Rd6 22. a3 Bf6 23. Rc2 Kf7 24. Nd2 Ke7 25. Nc4 Re6 26. Kd1 Kd7 27. Re2 h5 28. Bf2 g6 29. Rc2 Bg5 30. b4 b5 31. Nd2 Rd6 32. Ke2 Bxd2 33. Rxd2 Nd4+ 34. Bxd4 exd4 35. Rc2 Rc6 36. Rxc6 Kxc6 37. f4 1/2-1/2

[Event "Mittelrhein Verbandsliga-O 1112"]
[Site "Germany"]
[Date "2012.04.15"]
[Round "9"]
[White "Koehler, Christian Friedrich"]
[Black "Engel, Knut"]
[Result "1-0"]
[WhiteElo "1929"]
[BlackElo "1915"]
[PlyCount "77"]
[EventDate "2011.09.18"]
[EventType "team-tourn"]
[EventRounds "11"]
[EventCountry "GER"]
[SourceTitle "EXT 2013"]
[Source "ChessBase"]
[SourceDate "2012.11.22"]
[SourceVersion "1"]
[SourceVersionDate "2012.11.22"]
[SourceQuality "1"]
[WhiteTeam "Godesberg IV"]
[BlackTeam "Euskirchen Turm"]
[WhiteTeamCountry "GER"]
[BlackTeamCountry "GER"]

1. e4 Nf6 2. Nc3 d5 3. exd5 Nxd5 4. Bc4 e6 5. Nf3 Be7 6. 0-0 0-0 7. Qe2 b6 8. Nxd5 exd5 9. Bxd5 Qxd5 10. Qxe7 Bg4 11. c3 Bxf3 12. gxf3 Qxf3 13. Qxc7 Nc6 14. Qg3 Qf5 15. d4 Rae8 16. Bh6 Qf6 17. Bg5 Qf5 18. Rfe1 Kh8 19. Qg2 f6 20. Bh4 Nd8 21. Bg3 Nf7 22. Qc6 Rc8 23. Qe6 Qh5 24. Qe2 Qf5 25. Qe4 Qh5 26. Qe2 Qf5 27. Qe4 Qh5 28. h4 Nh6 29. d5 b5 30. d6 f5 31. Qf4 Rc4 32. Qg5 Qxg5 33. hxg5 Nf7 34. d7 f4 35. Re8 Kg8 36. Rae1 g6 37. Rxf8+ Kxf8 38. Re8+ Kg7 39. Re7 1-0

[Event "Mittelrhein Verbandsliga-O 1112"]
[Site "Germany"]
[Date "2012.03.18"]
[Round "8"]
[White "Koehler, Christian Friedrich"]
[Black "Solzbacher, Thomas"]
[Result "1-0"]
[WhiteElo "1929"]
[BlackElo "1810"]
[PlyCount "79"]
[EventDate "2011.09.18"]
[EventType "team-tourn"]
[EventRounds "11"]
[EventCountry "GER"]
[SourceTitle "EXT 2013"]
[Source "ChessBase"]
[SourceDate "2012.11.22"]
[SourceVersion "1"]
[SourceVersionDate "2012.11.22"]
[SourceQuality "1"]
[WhiteTeam "Godesberg IV"]
[BlackTeam "Siebengebirge"]
[WhiteTeamCountry "GER"]
[BlackTeamCountry "GER"]

1. c4 e5 2. Nc3 Nf6 3. e3 Be7 4. d4 exd4 5. exd4 d5 6. Nf3 0-0 7. Be2 Be6 8. Qb3 b6 9. Bg5 Nc6 10. Bxf6 Bxf6 11. cxd5 Na5 12. Qc2 Bxd5 13. Nxd5 Qxd5 14. 0-0 Nc6 15. Rfd1 Rad8 16. Bc4 Qd6 17. d5 Ne5 18. Nxe5 Bxe5 19. g3 Qf6 20. Rd2 c5 21. a4 a5 22. Bb5 Rd6 23. Re1 Rfd8 24. Qe4 Re6 25. dxe6 Rxd2 26. exf7+ Kxf7 27. f4 Bd4+ 28. Kh1 g6 29. g4 Rxh2+ 30. Kxh2 Qh4+ 31. Kg2 Qxg4+ 32. Kf1 Kg7 33. Qb7+ Kh6 34. Qh1+ Kg7 35. Re7+ Kf6 36. Qe4 Qg1+ 37. Ke2 Qf2+ 38. Kd1 Qg1+ 39. Kc2 Qf2+ 40. Be2 1-0

[Event "Mittelrhein Verbandsliga-O 1112"]
[Site "Germany"]
[Date "2012.01.15"]
[Round "5"]
[White "Koehler, Christian Friedrich"]
[Black "Breest, Axel"]
[Result "1-0"]
[WhiteElo "1929"]
[BlackElo "1743"]
[PlyCount "77"]
[EventDate "2011.09.18"]
[EventType "team-tourn"]
[EventRounds "11"]
[EventCountry "GER"]
[SourceTitle "EXT 2013"]
[Source "ChessBase"]
[SourceDate "2012.11.22"]
[SourceVersion "1"]
[SourceVersionDate "2012.11.22"]
[SourceQuality "1"]
[WhiteTeam "Godesberg IV"]
[BlackTeam "Siegburg"]
[WhiteTeamCountry "GER"]
[BlackTeamCountry "GER"]

1. d4 Nf6 2. Nf3 c5 3. c3 e6 4. g3 Nc6 5. Bg2 d5 6. 0-0 Bd6 7. Bf4 Bxf4 8. gxf4 Nh5 9. e3 cxd4 10. cxd4 g6 11. Nc3 f5 12. Ne5 Nxe5 13. fxe5 Bd7 14. Qb3 Qb6 15. Qxb6 axb6 16. Bxd5 exd5 17. Nxd5 Be6 18. Nc7+ Kd7 19. Nxa8 Rxa8 20. a3 Rc8 21. Rac1 Rc6 22. f3 Rxc1 23. Rxc1 h6 24. h4 Bd5 25. Kf2 Ng7 26. Rg1 Bf7 27. d5 Ke7 28. e4 Be8 29. Ke3 Nh5 30. Rc1 Kd8 31. e6 fxe4 32. Kxe4 Ng3+ 33. Ke5 Nf5 34. h5 Ne7 35. hxg6 Nxg6+ 36. Kd6 h5 37. Rc7 h4 38. e7+ Nxe7 39. Rxe7 1-0